[Event "Chessable Masters - Torneo preliminare"]
[White "Bok, Benjamin"]
[Black "Salgado Lopez, Ivan"]
[WhiteFideId "1017063"]
[BlackFideId "2257327"]
[WhiteElo "2608"]
[BlackElo "2554"]
[Result "1/2-1/2"]
[Round "1"]
[TimeControl "600+2"]
[Date "2023.03.13"]
[WhiteClock "0:00:05"]
[BlackClock "0:01:06"]

1. d4 {[%clk 0:10:01]}  Nf6 {[%clk 0:09:53]} 2. c4 {[%clk 0:10:02]}  e6 {[%clk 0:09:53]} 3. Nc3 {[%clk 0:10:03]}  Bb4 {[%clk 0:09:50]} 4. Qc2 {[%clk 0:10:04]}  d5 {[%clk 0:09:48]} 5. a3 {[%clk 0:10:05]}  Bxc3+ {[%clk 0:09:45]} 6. Qxc3 {[%clk 0:10:07]}  h6 {[%clk 0:09:38]} 7. Nf3 {[%clk 0:10:04]}  O-O {[%clk 0:09:38]} 8. Bf4 {[%clk 0:09:01]}  b6 {[%clk 0:09:33]} 9. e3 {[%clk 0:09:00]}  Ba6 {[%clk 0:09:26]} 10. b3 {[%clk 0:07:30]}  Nbd7 {[%clk 0:09:07]} 11. Be2 {[%clk 0:06:54]}  c5 {[%clk 0:09:03]} 12. dxc5 {[%clk 0:06:41]}  Nxc5 {[%clk 0:08:58]} 13. O-O {[%clk 0:06:26]}  dxc4 {[%clk 0:08:54]} 14. Bxc4 {[%clk 0:06:01]}  Nd5 {[%clk 0:08:45]} 15. Qc2 {[%clk 0:05:05]}  Nxf4 {[%clk 0:08:23]} 16. exf4 {[%clk 0:04:58]}  Bxc4 {[%clk 0:07:55]} 17. Qxc4 {[%clk 0:04:57]}  Qd3 {[%clk 0:07:56]} 18. Qxd3 {[%clk 0:04:33]}  Nxd3 {[%clk 0:07:58]} 19. g3 {[%clk 0:04:33]}  Rac8 {[%clk 0:07:55]} 20. Rfd1 {[%clk 0:04:22]}  Rc3 {[%clk 0:07:54]} 21. Nd4 {[%clk 0:03:05]}  Rd8 {[%clk 0:07:17]} 22. Nb5 {[%clk 0:03:03]}  Rxb3 {[%clk 0:07:15]} 23. Nxa7 {[%clk 0:03:03]}  Ra8 {[%clk 0:06:50]} 24. Nc6 {[%clk 0:02:52]}  Raxa3 {[%clk 0:06:36]} 25. Rxa3 {[%clk 0:02:49]}  Rxa3 {[%clk 0:06:36]} 26. Rb1 {[%clk 0:02:14]}  Ra2 {[%clk 0:05:24]} 27. Rxb6 {[%clk 0:02:09]}  Nxf2 {[%clk 0:05:16]} 28. Rb8+ {[%clk 0:01:02]}  Kh7 {[%clk 0:05:13]} 29. Nd8 {[%clk 0:01:04]}  Nh3+ {[%clk 0:05:06]} 30. Kf1 {[%clk 0:00:21]}  Rf2+ {[%clk 0:04:27]} 31. Ke1 {[%clk 0:00:22]}  Rxh2 {[%clk 0:04:23]} 32. Nxf7 {[%clk 0:00:14]}  Rg2 {[%clk 0:04:20]} 33. Rb3 {[%clk 0:00:08]}  Kg6 {[%clk 0:03:12]} 34. Nd8 {[%clk 0:00:09]}  Kf6 {[%clk 0:02:41]} 35. Re3 {[%clk 0:00:10]}  Kf5 {[%clk 0:02:10]} 36. Nxe6 {[%clk 0:00:10]}  g5 {[%clk 0:02:06]} 37. fxg5 {[%clk 0:00:10]}  hxg5 {[%clk 0:01:59]} 38. Kf1 {[%clk 0:00:05]}  Rf2+ {[%clk 0:01:59]} 39. Ke1 {[%clk 0:00:07]}  Ra2 {[%clk 0:01:50]} 40. Kf1 {[%clk 0:00:04]}  Kg4 {[%clk 0:01:44]} 41. Ke1 {[%clk 0:00:04]}  Ra1+ {[%clk 0:01:43]} 42. Kd2 {[%clk 0:00:04]}  Ng1 {[%clk 0:01:38]} 43. Re4+ {[%clk 0:00:03]}  Kf5 {[%clk 0:01:36]} 44. Re3 {[%clk 0:00:04]}  Ra2+ {[%clk 0:01:36]} 45. Kd1 {[%clk 0:00:04]}  Nh3 {[%clk 0:01:34]} 46. Ke1 {[%clk 0:00:04]}  Kg4 {[%clk 0:01:29]} 47. Nd4 {[%clk 0:00:03]}  Ra1+ {[%clk 0:01:13]} 48. Kd2 {[%clk 0:00:03]}  Nf2 {[%clk 0:01:05]} 49. Ne6 {[%clk 0:00:04]}  Ra2+ {[%clk 0:01:03]} 50. Ke1 {[%clk 0:00:04]}  Nh1 {[%clk 0:01:01]} 51. Nxg5 {[%clk 0:00:02]}  Kxg5 {[%clk 0:01:01]} 52. Kd1 {[%clk 0:00:03]}  Kg4 {[%clk 0:01:00]} 53. Kc1 {[%clk 0:00:04]}  Nxg3 {[%clk 0:01:00]} 54. Re8 {[%clk 0:00:05]}  Kf4 {[%clk 0:01:00]} 55. Rf8+ {[%clk 0:00:06]}  Ke3 {[%clk 0:01:00]} 56. Re8+ {[%clk 0:00:07]}  Ne4 {[%clk 0:01:01]} 57. Re7 {[%clk 0:00:08]}  Rh2 {[%clk 0:01:01]} 58. Re8 {[%clk 0:00:09]}  Kd3 {[%clk 0:00:57]} 59. Rd8+ {[%clk 0:00:10]}  Kc4 {[%clk 0:00:58]} 60. Rc8+ {[%clk 0:00:11]}  Nc5 {[%clk 0:00:59]} 61. Kd1 {[%clk 0:00:12]}  Kd4 {[%clk 0:00:58]} 62. Rd8+ {[%clk 0:00:13]}  Ke3 {[%clk 0:01:00]} 63. Re8+ {[%clk 0:00:14]}  Ne4 {[%clk 0:01:01]} 64. Kc1 {[%clk 0:00:11]}  Rg2 {[%clk 0:00:53]} 65. Re7 {[%clk 0:00:12]}  Kd4 {[%clk 0:00:50]} 66. Rd7+ {[%clk 0:00:12]}  Kc4 {[%clk 0:00:51]} 67. Rc7+ {[%clk 0:00:12]}  Nc5 {[%clk 0:00:52]} 68. Rc8 {[%clk 0:00:12]}  Rf2 {[%clk 0:00:52]} 69. Kd1 {[%clk 0:00:12]}  Kd4 {[%clk 0:00:52]} 70. Rd8+ {[%clk 0:00:12]}  Kc3 {[%clk 0:00:51]} 71. Rc8 {[%clk 0:00:12]}  Kd3 {[%clk 0:00:49]} 72. Rd8+ {[%clk 0:00:11]}  Ke3 {[%clk 0:00:49]} 73. Re8+ {[%clk 0:00:12]}  Ne4 {[%clk 0:00:49]} 74. Kc1 {[%clk 0:00:13]}  Kd4 {[%clk 0:00:50]} 75. Rd8+ {[%clk 0:00:13]}  Kc4 {[%clk 0:00:51]} 76. Rc8+ {[%clk 0:00:14]}  Nc5 {[%clk 0:00:52]} 77. Kd1 {[%clk 0:00:14]}  Rf6 {[%clk 0:00:52]} 78. Ke2 {[%clk 0:00:14]}  Kd4 {[%clk 0:00:52]} 79. Rd8+ {[%clk 0:00:14]}  Kc3 {[%clk 0:00:51]} 80. Rc8 {[%clk 0:00:14]}  Kc4 {[%clk 0:00:52]} 81. Ke3 {[%clk 0:00:14]}  Re6+ {[%clk 0:00:52]} 82. Kf3 {[%clk 0:00:14]}  Kd5 {[%clk 0:00:53]} 83. Rd8+ {[%clk 0:00:12]}  Ke5 {[%clk 0:00:54]} 84. Ra8 {[%clk 0:00:13]}  Rb6 {[%clk 0:00:55]} 85. Re8+ {[%clk 0:00:12]}  Ne6 {[%clk 0:00:55]} 86. Ke3 {[%clk 0:00:11]}  Rb3+ {[%clk 0:00:56]} 87. Ke2 {[%clk 0:00:12]}  Rh3 {[%clk 0:00:57]} 88. Kd2 {[%clk 0:00:11]}  Kd5 {[%clk 0:00:58]} 89. Ra8 {[%clk 0:00:10]}  Ke4 {[%clk 0:00:58]} 90. Re8 {[%clk 0:00:10]}  Rh2+ {[%clk 0:00:59]} 91. Kc3 {[%clk 0:00:10]}  Kd5 {[%clk 0:01:01]} 92. Ra8 {[%clk 0:00:07]}  Nc7 {[%clk 0:01:00]} 93. Rd8+ {[%clk 0:00:07]}  Kc5 {[%clk 0:01:01]} 94. Rc8 {[%clk 0:00:08]}  Rh3+ {[%clk 0:01:03]} 95. Kd2 {[%clk 0:00:08]}  Rh7 {[%clk 0:01:04]} 96. Kd3 {[%clk 0:00:09]}  Rd7+ {[%clk 0:01:04]} 97. Ke2 {[%clk 0:00:08]}  Kd4 {[%clk 0:01:04]} 98. Rh8 {[%clk 0:00:07]}  Re7+ {[%clk 0:01:05]} 99. Kd2 {[%clk 0:00:06]}  Re4 {[%clk 0:01:04]} 100. Rd8+ {[%clk 0:00:06]}  Nd5 {[%clk 0:01:06]} 101. Ra8 {[%clk 0:00:04]}  Nb6 {[%clk 0:01:05]} 102. Rd8+ {[%clk 0:00:05]}  Kc4 {[%clk 0:01:06]} 103. Rb8 {[%clk 0:00:05]}  Na4 {[%clk 0:01:06]} 1/2-1/2


[Site "Internet"]

[Event "Chessable Masters - Torneo preliminare"]
[White "Cardoso Cardoso, Jose Gabriel"]
[Black "Henriquez Villagra, Cristobal"]
[WhiteFideId "4430492"]
[BlackFideId "3409350"]
[WhiteElo "2425"]
[BlackElo "2574"]
[Result "1-0"]
[Round "1"]
[TimeControl "600+2"]
[Date "2023.03.13"]
[WhiteClock "0:00:08"]
[BlackClock "0:00:14"]

1. d4 {[%clk 0:09:50]}  Nf6 {[%clk 0:09:57]} 2. c4 {[%clk 0:09:48]}  g6 {[%clk 0:09:56]} 3. Nc3 {[%clk 0:09:48]}  Bg7 {[%clk 0:09:56]} 4. e4 {[%clk 0:09:48]}  d6 {[%clk 0:09:57]} 5. Nf3 {[%clk 0:09:48]}  O-O {[%clk 0:09:58]} 6. h3 {[%clk 0:09:49]}  Na6 {[%clk 0:09:54]} 7. Be3 {[%clk 0:09:46]}  e5 {[%clk 0:09:41]} 8. d5 {[%clk 0:09:46]}  Nc5 {[%clk 0:09:42]} 9. Nd2 {[%clk 0:09:45]}  a5 {[%clk 0:09:42]} 10. g4 {[%clk 0:09:45]}  c6 {[%clk 0:09:29]} 11. Be2 {[%clk 0:09:30]}  a4 {[%clk 0:08:53]} 12. a3 {[%clk 0:09:23]}  Qa5 {[%clk 0:07:53]} 13. Kf1 {[%clk 0:09:06]}  Bd7 {[%clk 0:07:52]} 14. h4 {[%clk 0:07:22]}  cxd5 {[%clk 0:06:39]} 15. cxd5 {[%clk 0:07:20]}  b5 {[%clk 0:06:36]} 16. g5 {[%clk 0:06:23]}  Nh5 {[%clk 0:06:16]} 17. Bxh5 {[%clk 0:04:47]}  gxh5 {[%clk 0:06:18]} 18. Qe2 {[%clk 0:02:48]}  Rfc8 {[%clk 0:05:26]} 19. Kg2 {[%clk 0:02:45]}  Rab8 {[%clk 0:04:58]} 20. Na2 {[%clk 0:02:07]}  Nb3 {[%clk 0:04:03]} 21. Nxb3 {[%clk 0:01:57]}  axb3 {[%clk 0:04:05]} 22. Nc3 {[%clk 0:01:40]}  Rc4 {[%clk 0:03:27]} 23. Qxh5 {[%clk 0:01:36]}  Rxc3 {[%clk 0:02:30]} 24. bxc3 {[%clk 0:01:32]}  Qxc3 {[%clk 0:02:32]} 25. Qf3 {[%clk 0:01:02]}  b2 {[%clk 0:02:25]} 26. Rab1 {[%clk 0:00:58]}  Rf8 {[%clk 0:02:17]} 27. Bb6 {[%clk 0:00:17]}  Qc2 {[%clk 0:02:14]} 28. h5 {[%clk 0:00:06]}  f5 {[%clk 0:02:14]} 29. gxf6 {[%clk 0:00:07]}  Rxf6 {[%clk 0:02:15]} 30. Qe3 {[%clk 0:00:05]}  Bh6 {[%clk 0:01:40]} 31. Qg3+ {[%clk 0:00:04]}  Kf7 {[%clk 0:01:38]} 32. Rhe1 {[%clk 0:00:04]}  Rf4 {[%clk 0:01:17]} 33. Be3 {[%clk 0:00:03]}  Qxe4+ {[%clk 0:00:25]} 34. f3 {[%clk 0:00:04]}  Qf5 {[%clk 0:00:22]} 35. Bxf4 {[%clk 0:00:05]}  Bxf4 {[%clk 0:00:24]} 36. Qh4 {[%clk 0:00:04]}  Qc2+ {[%clk 0:00:25]} 37. Qf2 {[%clk 0:00:05]}  Bh3+ {[%clk 0:00:26]} 38. Kg1 {[%clk 0:00:06]}  Qf5 {[%clk 0:00:26]} 39. Rxb2 {[%clk 0:00:07]}  Qg5+ {[%clk 0:00:27]} 40. Kh1 {[%clk 0:00:07]}  Qxh5 {[%clk 0:00:28]} 41. Kg1 {[%clk 0:00:08]}  Qg5+ {[%clk 0:00:22]} 42. Kh1 {[%clk 0:00:10]}  Bg3 {[%clk 0:00:22]} 43. Rg1 {[%clk 0:00:11]}  Bg2+ {[%clk 0:00:17]} 44. Rxg2 {[%clk 0:00:09]}  Qh6+ {[%clk 0:00:14]} 45. Rh2 {[%clk 0:00:08]}  Qc1+ {[%clk 0:00:12]} 46. Qg1 {[%clk 0:00:08]}  Qf4 {[%clk 0:00:13]} 47. Rxh7+ {[%clk 0:00:06]}  Kf6 {[%clk 0:00:14]} 48. Rh3 {[%clk 0:00:06]}  Qxf3+ {[%clk 0:00:14]} 49. Rg2 {[%clk 0:00:08]} 1-0


[Site "Internet"]

[Event "Chessable Masters - Torneo preliminare"]
[White "Kamsky, Gata"]
[Black "Mikaelyan, Arman"]
[WhiteFideId "2000024"]
[BlackFideId "13304852"]
[WhiteElo "2630"]
[BlackElo "2456"]
[Result "0-1"]
[Round "1"]
[TimeControl "600+2"]
[Date "2023.03.13"]
[WhiteClock "0:00:48"]
[BlackClock "0:01:11"]

1. e4 {[%clk 0:09:57]}  c5 {[%clk 0:09:47]} 2. Nf3 {[%clk 0:09:58]}  Nc6 {[%clk 0:09:45]} 3. d4 {[%clk 0:09:57]}  cxd4 {[%clk 0:09:44]} 4. Nxd4 {[%clk 0:09:58]}  g6 {[%clk 0:09:44]} 5. c4 {[%clk 0:09:58]}  Bg7 {[%clk 0:09:43]} 6. Be3 {[%clk 0:09:59]}  Nf6 {[%clk 0:09:42]} 7. Nc3 {[%clk 0:10:00]}  O-O {[%clk 0:09:43]} 8. Be2 {[%clk 0:10:00]}  d6 {[%clk 0:09:44]} 9. O-O {[%clk 0:10:01]}  Bd7 {[%clk 0:09:36]} 10. Nc2 {[%clk 0:09:54]}  Rc8 {[%clk 0:09:26]} 11. b3 {[%clk 0:09:29]}  Ng4 {[%clk 0:09:13]} 12. Bd2 {[%clk 0:09:16]}  f5 {[%clk 0:08:30]} 13. h3 {[%clk 0:09:10]}  Nf6 {[%clk 0:08:26]} 14. exf5 {[%clk 0:09:11]}  Bxf5 {[%clk 0:08:28]} 15. Ne3 {[%clk 0:09:09]}  Bd7 {[%clk 0:07:19]} 16. Rc1 {[%clk 0:09:09]}  Nd4 {[%clk 0:07:11]} 17. Ned5 {[%clk 0:08:41]}  Nxd5 {[%clk 0:06:50]} 18. Nxd5 {[%clk 0:08:41]}  e6 {[%clk 0:06:49]} 19. Ne3 {[%clk 0:08:38]}  Bc6 {[%clk 0:06:04]} 20. Bc3 {[%clk 0:08:36]}  Rf4 {[%clk 0:05:06]} 21. Bg4 {[%clk 0:06:54]}  Qe7 {[%clk 0:04:38]} 22. Nd5 {[%clk 0:05:27]}  exd5 {[%clk 0:04:34]} 23. cxd5 {[%clk 0:05:07]}  Bd7 {[%clk 0:03:29]} 24. Re1 {[%clk 0:01:57]}  Bxg4 {[%clk 0:03:28]} 25. hxg4 {[%clk 0:01:58]}  Qf7 {[%clk 0:03:08]} 26. Bd2 {[%clk 0:01:52]}  Rxc1 {[%clk 0:02:45]} 27. Qxc1 {[%clk 0:01:53]}  Rxf2 {[%clk 0:02:19]} 28. Qc8+ {[%clk 0:01:52]}  Bf8 {[%clk 0:01:24]} 29. Be3 {[%clk 0:01:52]}  Rc2 {[%clk 0:01:10]} 30. Qd8 {[%clk 0:00:48]}  Nf3+ {[%clk 0:01:11]} 0-1


[Site "Internet"]

[Event "Chessable Masters - Torneo preliminare"]
[White "Piorun, Kacper"]
[Black "Pichot, Alan"]
[WhiteFideId "1130420"]
[BlackFideId "110973"]
[WhiteElo "2491"]
[BlackElo "2549"]
[Result "0-1"]
[Round "1"]
[TimeControl "600+2"]
[Date "2023.03.13"]
[WhiteClock "0:00:44"]
[BlackClock "0:01:48"]

1. e4 {[%clk 0:10:00]}  e5 {[%clk 0:09:51]} 2. Nf3 {[%clk 0:10:00]}  Nc6 {[%clk 0:09:50]} 3. Bb5 {[%clk 0:10:01]}  a6 {[%clk 0:09:50]} 4. Ba4 {[%clk 0:10:01]}  Nf6 {[%clk 0:09:51]} 5. O-O {[%clk 0:10:02]}  b5 {[%clk 0:09:48]} 6. Bb3 {[%clk 0:10:03]}  Bc5 {[%clk 0:09:49]} 7. c3 {[%clk 0:09:41]}  d6 {[%clk 0:09:48]} 8. d4 {[%clk 0:09:34]}  Bb6 {[%clk 0:09:48]} 9. Be3 {[%clk 0:09:24]}  O-O {[%clk 0:09:48]} 10. h3 {[%clk 0:09:11]}  exd4 {[%clk 0:09:14]} 11. cxd4 {[%clk 0:09:09]}  Nxe4 {[%clk 0:09:15]} 12. Bd5 {[%clk 0:08:27]}  Qe8 {[%clk 0:09:14]} 13. Qc2 {[%clk 0:07:42]}  Nb4 {[%clk 0:09:14]} 14. Qxe4 {[%clk 0:07:43]}  Qxe4 {[%clk 0:09:15]} 15. Bxe4 {[%clk 0:07:44]}  d5 {[%clk 0:09:17]} 16. Bxh7+ {[%clk 0:05:32]}  Kxh7 {[%clk 0:09:18]} 17. Rc1 {[%clk 0:05:21]}  Nd3 {[%clk 0:08:08]} 18. Rc2 {[%clk 0:05:19]}  Bf5 {[%clk 0:08:08]} 19. Rd2 {[%clk 0:04:23]}  Ba5 {[%clk 0:07:46]} 20. Re2 {[%clk 0:04:13]}  Rfe8 {[%clk 0:07:34]} 21. Nc3 {[%clk 0:03:26]}  Nxb2 {[%clk 0:07:22]} 22. Nxd5 {[%clk 0:03:04]}  Nc4 {[%clk 0:07:22]} 23. Rd1 {[%clk 0:03:05]}  f6 {[%clk 0:06:47]} 24. Nf4 {[%clk 0:02:36]}  Rad8 {[%clk 0:06:28]} 25. d5 {[%clk 0:01:57]}  Be4 {[%clk 0:04:40]} 26. Bc5 {[%clk 0:01:51]}  g5 {[%clk 0:03:28]} 27. Ne6 {[%clk 0:01:48]}  Rxe6 {[%clk 0:03:26]} 28. Rd4 {[%clk 0:01:14]}  Rxd5 {[%clk 0:03:14]} 29. Rexe4 {[%clk 0:01:15]}  Rxe4 {[%clk 0:02:50]} 30. Rxd5 {[%clk 0:01:15]}  Kg6 {[%clk 0:02:28]} 31. g4 {[%clk 0:01:01]}  Ne5 {[%clk 0:02:21]} 32. Nd4 {[%clk 0:00:50]}  c6 {[%clk 0:02:08]} 33. Rd6 {[%clk 0:00:45]}  Bc7 {[%clk 0:02:04]} 34. Re6 {[%clk 0:00:41]}  Rxd4 {[%clk 0:01:47]} 35. Bxd4 {[%clk 0:00:38]}  Nf3+ {[%clk 0:01:48]} 36. Kg2 {[%clk 0:00:40]}  Nxd4 {[%clk 0:01:50]} 37. Re7 {[%clk 0:00:42]}  Be5 {[%clk 0:01:45]} 38. Ra7 {[%clk 0:00:42]}  c5 {[%clk 0:01:46]} 39. Rxa6 {[%clk 0:00:41]}  c4 {[%clk 0:01:47]} 40. Ra8 {[%clk 0:00:42]}  c3 {[%clk 0:01:47]} 41. Rc8 {[%clk 0:00:44]}  c2 {[%clk 0:01:48]} 0-1


[Site "Internet"]

[Event "Chessable Masters - Torneo preliminare"]
[White "Paravyan, David"]
[Black "Agrest, Evgenij"]
[WhiteFideId "4194985"]
[BlackFideId "1705024"]
[WhiteElo "2598"]
[BlackElo "2576"]
[Result "1-0"]
[Round "1"]
[TimeControl "600+2"]
[Date "2023.03.13"]
[WhiteClock "0:04:57"]
[BlackClock "0:03:31"]

1. e4 {[%clk 0:09:59]}  c6 {[%clk 0:09:57]} 2. d4 {[%clk 0:09:58]}  d5 {[%clk 0:09:56]} 3. e5 {[%clk 0:09:59]}  Bf5 {[%clk 0:09:53]} 4. Nf3 {[%clk 0:10:00]}  e6 {[%clk 0:09:52]} 5. Be2 {[%clk 0:10:01]}  Ne7 {[%clk 0:09:52]} 6. O-O {[%clk 0:10:02]}  Nc8 {[%clk 0:09:50]} 7. a4 {[%clk 0:09:59]}  a6 {[%clk 0:09:42]} 8. Be3 {[%clk 0:09:57]}  Nd7 {[%clk 0:09:41]} 9. a5 {[%clk 0:09:58]}  Na7 {[%clk 0:09:40]} 10. Nbd2 {[%clk 0:09:55]}  c5 {[%clk 0:09:34]} 11. c4 {[%clk 0:09:53]}  Nc6 {[%clk 0:09:24]} 12. cxd5 {[%clk 0:09:34]}  exd5 {[%clk 0:09:23]} 13. Qa4 {[%clk 0:08:20]}  Bg6 {[%clk 0:08:01]} 14. Rfc1 {[%clk 0:08:13]}  cxd4 {[%clk 0:07:16]} 15. Nxd4 {[%clk 0:08:11]}  Ncxe5 {[%clk 0:06:43]} 16. f4 {[%clk 0:07:33]}  Nd3 {[%clk 0:06:41]} 17. Bxd3 {[%clk 0:06:53]}  Bxd3 {[%clk 0:06:38]} 18. Rc3 {[%clk 0:06:48]}  Bb5 {[%clk 0:05:47]} 19. Nxb5 {[%clk 0:06:36]}  axb5 {[%clk 0:05:46]} 20. Qxb5 {[%clk 0:06:38]}  Be7 {[%clk 0:05:43]} 21. Bb6 {[%clk 0:06:08]}  Qb8 {[%clk 0:05:15]} 22. Rc7 {[%clk 0:06:02]}  O-O {[%clk 0:04:46]} 23. Rxd7 {[%clk 0:05:52]}  Bf6 {[%clk 0:04:46]} 24. Rf1 {[%clk 0:05:44]}  Qe8 {[%clk 0:04:16]} 25. Qxd5 {[%clk 0:05:44]}  Qe2 {[%clk 0:04:12]} 26. Qc4 {[%clk 0:05:29]}  Qg4 {[%clk 0:04:07]} 27. Rxb7 {[%clk 0:05:15]}  Rac8 {[%clk 0:03:56]} 28. Rc7 {[%clk 0:05:16]}  Bxb2 {[%clk 0:03:38]} 29. Nf3 {[%clk 0:05:06]}  Rce8 {[%clk 0:03:31]} 30. Bc5 {[%clk 0:04:57]} 1-0


[Site "Internet"]

[Event "Chessable Masters - Torneo preliminare"]
[White "Matamoros Franco, Carlos S."]
[Black "Tan, Zhongyi"]
[WhiteFideId "3600017"]
[BlackFideId "8603642"]
[WhiteElo "2407"]
[BlackElo "2517"]
[Result "1/2-1/2"]
[Round "1"]
[TimeControl "600+2"]
[Date "2023.03.13"]
[WhiteClock "0:07:12"]
[BlackClock "0:05:37"]

1. c4 {[%clk 0:09:59]}  e6 {[%clk 0:09:31]} 2. g3 {[%clk 0:09:58]}  d5 {[%clk 0:09:31]} 3. Bg2 {[%clk 0:09:59]}  Nf6 {[%clk 0:09:31]} 4. Nf3 {[%clk 0:09:59]}  d4 {[%clk 0:09:31]} 5. d3 {[%clk 0:09:55]}  c5 {[%clk 0:09:31]} 6. e4 {[%clk 0:09:56]}  dxe3 {[%clk 0:08:05]} 7. Bxe3 {[%clk 0:09:56]}  Nc6 {[%clk 0:08:06]} 8. O-O {[%clk 0:09:55]}  e5 {[%clk 0:07:44]} 9. Nc3 {[%clk 0:09:49]}  Be7 {[%clk 0:07:33]} 10. Ng5 {[%clk 0:09:09]}  O-O {[%clk 0:07:27]} 11. Nge4 {[%clk 0:09:09]}  Nxe4 {[%clk 0:07:04]} 12. Nxe4 {[%clk 0:08:43]}  Nd4 {[%clk 0:07:04]} 13. Nc3 {[%clk 0:08:41]}  Be6 {[%clk 0:06:51]} 14. Rb1 {[%clk 0:08:29]}  Qd7 {[%clk 0:06:45]} 15. Nd5 {[%clk 0:08:28]}  Rad8 {[%clk 0:06:39]} 16. Bxd4 {[%clk 0:08:19]}  exd4 {[%clk 0:06:32]} 17. a3 {[%clk 0:08:09]}  b6 {[%clk 0:06:20]} 18. Re1 {[%clk 0:08:05]}  Rfe8 {[%clk 0:06:16]} 19. b4 {[%clk 0:07:48]}  Bd6 {[%clk 0:05:55]} 20. Qd2 {[%clk 0:07:22]}  h6 {[%clk 0:05:39]} 21. b5 {[%clk 0:07:11]}  Bxd5 {[%clk 0:05:34]} 22. Bxd5 {[%clk 0:07:10]}  Rxe1+ {[%clk 0:05:36]} 23. Rxe1 {[%clk 0:07:12]}  Re8 {[%clk 0:05:37]} 1/2-1/2


[Site "Internet"]

[Event "Chessable Masters - Torneo preliminare"]
[White "Antipov, Mikhail Al."]
[Black "Sharapov, Evgeny"]
[WhiteFideId "4107012"]
[BlackFideId "14103133"]
[WhiteElo "2593"]
[BlackElo "2337"]
[Result "1-0"]
[Round "1"]
[TimeControl "600+2"]
[Date "2023.03.13"]
[WhiteClock "0:08:52"]
[BlackClock "0:09:29"]

1. e4 {[%clk 0:09:58]}  c5 {[%clk 0:10:00]} 2. Nf3 {[%clk 0:09:58]}  d6 {[%clk 0:10:01]} 3. d4 {[%clk 0:09:57]}  cxd4 {[%clk 0:10:03]} 4. Nxd4 {[%clk 0:09:58]}  Nf6 {[%clk 0:10:04]} 5. Nc3 {[%clk 0:09:59]}  Nc6 {[%clk 0:10:05]} 6. Bg5 {[%clk 0:10:00]}  e6 {[%clk 0:10:07]} 7. Qd3 {[%clk 0:09:59]}  Be7 {[%clk 0:10:07]} 8. O-O-O {[%clk 0:09:57]}  O-O {[%clk 0:10:08]} 9. h4 {[%clk 0:09:43]}  Nxd4 {[%clk 0:10:08]} 10. Qxd4 {[%clk 0:09:44]}  Qa5 {[%clk 0:10:09]} 11. Kb1 {[%clk 0:09:17]}  Rd8 {[%clk 0:10:08]} 12. Bc4 {[%clk 0:09:12]}  Bd7 {[%clk 0:10:04]} 13. Bb3 {[%clk 0:09:12]}  Bc6 {[%clk 0:10:02]} 14. f4 {[%clk 0:09:07]}  Qc5 {[%clk 0:09:55]} 15. Qxc5 {[%clk 0:08:54]}  dxc5 {[%clk 0:09:55]} 16. e5 {[%clk 0:08:55]}  Nd5 {[%clk 0:09:54]} 17. Bxd5 {[%clk 0:08:53]}  Bxg5 {[%clk 0:09:29]} 18. Bxc6 {[%clk 0:08:52]} 1-0


[Site "Internet"]

[Event "Chessable Masters - Torneo preliminare"]
[White "Bachmann, Axel"]
[Black "Terry, Renato"]
[WhiteFideId "3700488"]
[BlackFideId "3803457"]
[WhiteElo "2618"]
[BlackElo "2472"]
[Result "0-1"]
[Round "1"]
[TimeControl "600+2"]
[Date "2023.03.13"]
[WhiteClock "0:00:09"]
[BlackClock "0:00:14"]

1. Nf3 {[%clk 0:09:55]}  d5 {[%clk 0:10:00]} 2. e3 {[%clk 0:09:54]}  Nf6 {[%clk 0:09:59]} 3. c4 {[%clk 0:09:53]}  e6 {[%clk 0:10:00]} 4. b3 {[%clk 0:09:54]}  g6 {[%clk 0:09:59]} 5. Bb2 {[%clk 0:09:54]}  Bg7 {[%clk 0:10:00]} 6. Be2 {[%clk 0:09:50]}  O-O {[%clk 0:10:01]} 7. O-O {[%clk 0:09:51]}  c5 {[%clk 0:09:46]} 8. cxd5 {[%clk 0:09:42]}  Nxd5 {[%clk 0:09:41]} 9. Qc1 {[%clk 0:09:10]}  b6 {[%clk 0:09:33]} 10. Bxg7 {[%clk 0:07:48]}  Kxg7 {[%clk 0:09:35]} 11. d4 {[%clk 0:07:49]}  cxd4 {[%clk 0:09:29]} 12. Nxd4 {[%clk 0:07:50]}  Bb7 {[%clk 0:09:30]} 13. Nc3 {[%clk 0:07:40]}  Nd7 {[%clk 0:09:28]} 14. Bf3 {[%clk 0:07:26]}  N7f6 {[%clk 0:09:18]} 15. Qb2 {[%clk 0:07:13]}  Rc8 {[%clk 0:08:23]} 16. Nxd5 {[%clk 0:06:30]}  Bxd5 {[%clk 0:08:22]} 17. Rfd1 {[%clk 0:06:18]}  Qe7 {[%clk 0:07:36]} 18. Bxd5 {[%clk 0:06:10]}  exd5 {[%clk 0:07:38]} 19. Rac1 {[%clk 0:06:07]}  Rc5 {[%clk 0:07:34]} 20. b4 {[%clk 0:05:30]}  Rc4 {[%clk 0:04:06]} 21. Nc6 {[%clk 0:05:29]}  Qe6 {[%clk 0:03:55]} 22. Nxa7 {[%clk 0:05:10]}  Ra8 {[%clk 0:02:37]} 23. Nb5 {[%clk 0:05:10]}  Rac8 {[%clk 0:02:36]} 24. h3 {[%clk 0:04:13]}  Kg8 {[%clk 0:01:40]} 25. Rxc4 {[%clk 0:04:00]}  Rxc4 {[%clk 0:01:39]} 26. Nd4 {[%clk 0:03:14]}  Qd6 {[%clk 0:01:26]} 27. b5 {[%clk 0:03:06]}  Ne4 {[%clk 0:01:18]} 28. Nc6 {[%clk 0:03:05]}  Nc3 {[%clk 0:01:19]} 29. Rd4 {[%clk 0:01:58]}  Qc5 {[%clk 0:01:11]} 30. a4 {[%clk 0:01:19]}  Nxa4 {[%clk 0:00:29]} 31. Qa2 {[%clk 0:00:46]}  Nc3 {[%clk 0:00:06]} 32. Qa8+ {[%clk 0:00:44]}  Kg7 {[%clk 0:00:08]} 33. Rd2 {[%clk 0:00:12]}  Ne4 {[%clk 0:00:06]} 34. Rd1 {[%clk 0:00:08]}  Rc1 {[%clk 0:00:06]} 35. Rxc1 {[%clk 0:00:09]}  Qxc1+ {[%clk 0:00:08]} 36. Kh2 {[%clk 0:00:11]}  Nxf2 {[%clk 0:00:09]} 37. Qe8 {[%clk 0:00:06]}  Qh1+ {[%clk 0:00:11]} 38. Kg3 {[%clk 0:00:07]}  Ne4+ {[%clk 0:00:12]} 39. Kf4 {[%clk 0:00:08]}  Qh2+ {[%clk 0:00:13]} 40. Kf3 {[%clk 0:00:09]}  Qg3+ {[%clk 0:00:14]} 0-1


[Site "Internet"]